000 01692cas a2200433 a 4500
001 000001325
005 20200929145537.0
008 751101c18949999fr qr p g 0 b0fre
022 _a0373-6156
040 _aDO-SdBNP
_bspa
_cBNPHU
210 0 _aRev. gen. droit int. public
222 0 _aRevue generale de droit international public
245 0 0 _aRevue generale de droit international public.
246 3 0 _aDroit international public
260 _aParis :
_bA. Pedone.
300 _av. :
_bmaps ;
_c25 cm.
310 _aQuarterly,
_b19
321 _aBimonthly,
_b1894-19
362 1 _aBegan in 1894.
500 _aOn t.p. of v. 13 (1906)-80 (1976): Recompensee par l'institut de France, 1904; Fondation Drouyn de Lhuys; Academie des sciences morales et politiques.
500 _aDescription based on: 15e annee, nos 1 et 2 (1908 janv.-avril); title from cover.
515 _aVols. 26-33 called also 2 ser., v. 1-8; v. 34-80 called also 3 ser., v. 1-[47].
500 _aLatest issue consulted: T. 106 (2002/1).
590 _aBeing reclassed from JX3.R56
012 _a-3-7-0707240368-p-8705
249 0 _iACQUIRE Title:
_aRevue generale de droit international public
999 _c1258
_d1258